قند و زقند / (Record no. 172142)

MARC details
000 -LEADER
fixed length control field 00581nam a22001937a 4500
005 - DATE AND TIME OF LATEST TRANSACTION
control field 20200128125713.0
010 ## - LCCN (DPL NO)
LC control number A-518519
020 ## - INTERNATIONAL STANDARD BOOK NUMBER
Terms of availability 50.00
035 ## - SYSTEM CONTROL NUMBER
System control number A-518519
037 ## - SOURCE OF ACQUISITION
Source of stock number/acquisition BPPD
082 ## - DEWEY DECIMAL CLASSIFICATION NUMBER
Classification number 847
100 ## - MAIN ENTRY--PERSONAL NAME
Personal name فیاض احمد فیضی
245 ## - TITLE STATEMENT
Title قند و زقند /
Statement of responsibility, etc فیاض احمد فیضی
246 ## - VARYING FORM OF TITLE
Title proper/short title Qand-O-Zaqand (Urdu) /
Remainder of title by Fayyaz Ahmad Faizi
260 ## - PUBLICATION, DISTRIBUTION, ETC. (IMPRINT)
Place of publication, distribution, etc New Delhi
Name of publisher, distributor, etc Modern Publishing House
Date of publication, distribution, etc 1991 ء
270 ## - ADDRESS
Address 9 Gola Market, Daryaganj
City New Delhi
Postal code 110002
300 ## - PHYSICAL DESCRIPTION
Extent 140p.
Dimensions 20cm(Hb)
942 ## - ADDED ENTRY ELEMENTS (KOHA)
Source of classification or shelving scheme Dewey Decimal Classification
Item type Urdu Bks
Classification part 847
Call number suffix ف ی ا
Holdings
Withdrawn status Lost status Not for loan Collection code Home library Current library Date acquired Source of acquisition Cost, normal purchase price Full call number Barcode Copy number Cost, replacement price Koha item type
      Non-fiction Central Library Central Library 28/01/2020 BPPD/Ven. 50.00 847 ف ی ا A-518519 1 50.00 Urdu Bks

© Delhi Public Library
Hit Counter
free hit counter